LEADER 01668nam0 22003493i 450 001 SBL0557305 005 20251003044356.0 020 $aIT$b753114 100 $a20190307d1974 ||||0itac50 ba 101 | $aita 102 $ait 181 1$6z01$ai $bxxxe 182 1$6z01$an 183 1$6z01$anc$2RDAcarrier 200 1 $aˆLa ‰revoca non formale del testamento e la teoria del comportamento concludente$fVincenzo Scalisi 210 $aMilano$cA. Giuffrè$d1974 215 $aXII, 572 p.$d25 cm. 225 | $aPubblicazioni dell'Istituto di scienze giuridiche, economiche, politiche e sociali della Università di Messina$v96 410 0$1001RAV0214751$12001 $aPubblicazioni dell'Istituto di scienze giuridiche, economiche, politiche e sociali della Università di Messina$v96 606 $aTestamento$xRevoca$2FIR$3SBLC131101$9I 676 $a346$9DIRITTO PRIVATO$v21 676 $a346.054$9TESTAMENTI.$v21 676 $a346.45054$9SUCCESSIONI TESTAMENTARIE. ITALIA$v21 700 1$aScalisi$b, Vincenzo$f <1940- >$3TO0V048751$4070$0235899 801 3$aIT$bIT-000000$c20190307 850 $aIT-BN0095 901 $bNAP 01$cD $n$ 912 $aSBL0557305 950 0$aBiblioteca Centralizzata di Ateneo$d 01D (AR) 5 917$e 01AR 0070059175 VMA 1 v.$fY $h20230918$i20230918$lFONDO CHIOMENTI$mEx Libris$c1 v.$d 01D (AR) 8 041$e 01AR 0070080415 VMA 1 v.$fY $h20150721$i20150721 977 $a 01 996 $aRevoca non formale del testamento e la teoria del comportamento concludente$967599 997 $aUNISANNIO